1181 1563 1146 1308 1646 1168 1355 1710 1104 1334 1913 1956 1222 1140 1576 1286 1027 1475 1259 1215 1082 1655 1074 1044 1109 1157 1410 1339 1978 1864 1761 1311 2000 1962 1569 1165 1560 1088 1184 1814 1512 1315 1084 1554 1133 1615 1567 1683 1712 1826 1822 1933 1811 1016 1153 1288 1801 1587 1258 1947 1557 1286 1488 1691 1614 1481 1507 1818 1434 1312 1664 1252 1204 1350 1979 1854 1860 1660 1108 1548 1867 1158 1442 1692 1810 1463 1605 1939 1554 1271 1586 1069 1264 1793 1078 1096 1369 1319 1231 BCNSPRNW ULIB Ver.6.0+V

เปลี่ยนเป็นภาษาไทย

Change to English
 แสดงรายละเอียดบรรณานุกรม
  กลับหน้าหลัก

Brief Record : Get Marc (ISO 2709) : E-mail record : QR code < ปิดหน้าต่าง
LEADER : 00000nam 2200000uu 4500
001    13399111012
003     ULIB
008    110614s||||||||th 000 0 tha d
020    9789742986582
050  4 AC158^bช586ค 2548
245 00 ความรู้รอบตัวรอบรู้เรื่องเมืองไทย /^cฝ่ายวิชาการชมรมเด็ก,เรียบเรียง ; วิริยะ สิริสิงห, บรรณาธิการ
246 30 รอบรู้เรื่องเมืองไทย
250    พิมพ์ครั้งที่ 1
260    กรุงเทพฯ :^bสุวีริยาสาส์น,^c2548
300    512 หน้า :^bภาพประกอบ ;^c26 ซม.
650  7 ความรู้ทั่วไป^vคำถามและคำตอบ
651  7 ไทย^xรวมเรื่อง
651  7 ไทย^xประวัติศาสตร์^xรวมเรื่อง
700 0  วิริยะ สิริสิงห,^eบรรณาธิการ
710 2  ฝ่ายวิชาการชมรมเด็ก
945    ^p300^l0^i017999
995    ทศพร
999 ^a ใช้งานได้ทุกระบบ
รายการนี้ยังไม่มีแท็ก
คุณยังไม่ได้ล็อกอิน คุณสามารถมีกิจกรรมร่วมกับเว็บไซต์ได้ แต่ต้องล็อกอินก่อน ::
  ล็อกอิน

รายการสื่อสารสนเทศ

ลำดับที่ ประเภท เลขเรียก/บาร์โค้ด สถานที่ สถานะ
- ไม่พบข้อมูล -

BibComment


ยังไม่เคยถูกคอมเมนท์

คอมเมนท์ทรัพยากรรายการนี้
  คอมเมนท์: ความรู้รอบตัวรอบร..


 Copyright 2026. Bcnsprnw @Library